=LDR 00000nam 2200000 4500 =001 INLIS000000000049466 =005 20170222074604.0 =006 =007 =008 =020 ##$$a 978-602-7686-18-2 =035 ##$$0010-021700000000258 =040 ##$$a NBPDMAT =082 ##$$a 899.227 5 =090 ##$$a 899.227 5 $bSud k =100 ##$$a Sudirman =245 ##$$a Kumpulan pidato base Sasak $c / H. Sudirman, S.Pd.; Bahrie, S.Pd.; Lalu Ratmaja, S.Pd.; Editor. Ahmad Sirulhaq. Ma. =250 ##$$a Cet. 1 =260 ##$$a Selong $b KSU Primaguna $c 2011 =300 ##$$a iv, 45 hml. ; $c 21 cm =650 ##$$a Pidato - Bahasa Sasak =700 ##$$a Ahmad Sirulhaq, MA =850 ##$$a NBPDMAT =990 ##$$a 21603885 =990 ##$$a 21603886 =990 ##$$a 21603887 =990 ##$$a 21603888 =990 ##$$a 21603889